| 000 | 00718nam a2200229 u 4500 | ||
|---|---|---|---|
| 005 | 20240228063653.0 | ||
| 008 | 150121s2005 es r 000 0 spa d | ||
| 020 | _a8495731495 | ||
| 035 | _aUPN01000201364 | ||
| 049 | _aI | ||
| 050 | 4 |
_aPZ74.7 _bG3.6 |
|
| 100 | 1 |
_aGanges, Montse _931017 |
|
| 245 | 1 | 1 |
_a¿Quién es Miniman? / _cMontse Ganges ; il. Pep Montserrat ; tr. Margarida Trias. |
| 260 |
_aBarcelona, Esp. : _bCromosoma, _cc2005. |
||
| 300 |
_a[30] p. : _bil. col. |
||
| 440 | 0 |
_aMinihistorias ; _pminiman. _v1 |
|
| 650 | 0 |
_aHistorias de aventuras _94131 |
|
| 650 | 4 |
_aINSECTOS - _vLITERATURA INFANTIL _911048 |
|
| 650 | 4 |
_aLiteratura infantil española _95892 |
|
| 905 | _aInfantil | ||
| 999 |
_c173465 _d173465 |
||